Statistiques concernant Demi-finales de Coupe d'Europe de rugby à XV.

Cliquez ici pour prendre le quiz!

Statistiques générales

  • Ce quiz a été pris 238 fois
    (67 depuis la dernière actualisation)
  • Le résultat moyen est 20 sur 31

Statistiques - réponses

Clubs% Correct
15 Stade toulousain
100%
3 RC Toulon
98%
2 Stade rochelais
96%
14 Leinster
91%
14 Munster
89%
4 Racing 92
87%
3 Stade français Paris
83%
1 Harlequins
81%
5 ASM Clermont
81%
4 Biarritz olympique
77%
7 Leicester Tigers
77%
8 Saracens
75%
1 Exeter Chiefs
72%
1 Castres olympique
70%
1 Union Bordeaux Bègles
70%
2 CA Brive
70%
4 Northampton Saints
66%
2 Ulster
64%
3 USA Perpignan
62%
3 Wasps
60%
2 Bath rugby
58%
1 Section paloise
49%
1 Cardiff rugby
47%
2 Cardiff RFC
47%
1 Gloucester RFC
36%
1 Edinburgh Rugby
36%
2 Llanelli Scarlets
26%
2 Llanelli RFC
26%
1 US Colomiers
25%
1 Swansea RFC
25%
1 London Irish
21%

Distribution des résultats

Percentile par nombre de réponses

% des personnes avec chaque résultat

Votre développement - résultats

Vous n’avez pas pris ce quiz depuis la dernière actualisation